| 000 | 00460pam a2200157a 44500 | ||
|---|---|---|---|
| 008 | 230515b1998 xxu||||| |||| 00| 0 eng d | ||
| 020 | _aNULL | ||
| 041 | _aENGL | ||
| 082 | _aNULL | ||
| 100 | _a"W. R. INSTITUTIONS," | ||
| 245 | _aWORLD RESOURCES: A GUIDE TO THE GLOBAL ENVIRONMENT 1998-99 | ||
| 250 | _a0 | ||
| 260 |
_aNEW YORK _bOXFORD UNIVERSITY PRESS _c1998 |
||
| 300 | _aX+369 | ||
| 650 | _a"CROPS & THEIR PRODUCTION,CONTROLLED ENVIRONMENT AGRICULTURE" | ||
| 999 |
_c539474 _d539474 |
||